00833cam a22002294a 4500999001500000001000600015003000900021005001700030008004100047020003500088040002800123082002000151100001700171245008500188250001200273260003900285300004500324504006600369650003800435942001200473952011800485 c2875d287515818BD-DhUAP20200229120008.0020529s2003 njua b 001 0 eng  a0471055409 (pbk. : alk. paper) aDLCcDLCdBD-DhUAPbEng00223a720.284 YEE1 aYee, Rendow.10aArchitectural drawing :ba visual compendium of types and methods /cRendow Yee. a2nd ed. aHoboken, N.J. :bJ. Wiley,cc2003. axv, 656 pages :billustrations ;c28 cm. aIncludes bibliographical references (p. 639-641) and indexes. 0aArchitectural drawingxTechnique. 2ddccBK 00102ddc4070aUAPCLbUAPCLcGeneral Stacksd2020-02-29o720.284 YEEp3010015818r2020-02-29t1w2020-02-29yBK